000 00980cam a2200253 4500
001 WB3720-22
008 000000n2001 000 0 eng u
035 _a(Sirsi) u112721
245 _aNew clean air rules for opencast mines
260 _c2001
490 _aPlanning (for the Natural and Built Environment)
_v(1419) 18 May 2001, 5(1)
520 _aThe Scottish Executive has issued new planning guidance on the siting of opencast mines and mineral workings within 1km of communities. Planning permission should only be refused where air quality standards may be breached and dust reduction measures cannot be introduced.
590 _aWB
650 _aAIR POLLUTION
650 _aCLEAN AIR
650 _aMINERAL EXTRACTION
650 _aMINERAL WORKINGS
650 _aNPPG16
650 _aOPENCAST MINING
650 _aPLANNING GUIDANCE
650 _aPLANNING PERMISSION
690 _aENVIRONMENTAL AND LAND CONSULTANCY-PLANNING AND DEVELOPMENT
942 _n0
999 _c67111
_d67111